000
00324 a2200109 4500
001
ART_45192
005
20260410162040.0
008
260409a
245
1
0
_a
Reforma de la Ley de Procedimiento Tributario Nacional
100
1
_a
Melzi, Flavia Irene
773
0
_t
Impuestos
_g
- NÂș 20 (ene. 2018)
_w
REV45175
999
_c
34806
_d
34806